| 000 | 01743nam a2200337 i 4500 | ||
|---|---|---|---|
| 003 | EG-GICUC | ||
| 005 | 20260407155746.0 | ||
| 008 | 260407s1993 ku adb|fr|||| 00| 0 ara d | ||
| 040 |
_a EG-GICUC _bara _c EG-GICUC _d EG-GICUC _erda |
||
| 041 | 1 | _aara | |
| 082 | 0 | 4 |
_221 _a341.60531 _bع ب . د |
| 092 | 0 | 4 | _221 |
| 099 | _aLaw1 11 341.60531 ع ب . د 1993 | ||
| 100 | 0 |
_a عبد العزيز صالح البلاع _eمؤلف. |
|
| 245 | 1 | 2 |
_aدور المملكة العربية السعودية في حرب تحرير الكويت / _cعقيد / ركن عبد العزيز صالح البلاع ,عميد ركن عبد الرحمن بن عبد الله المرشد. |
| 264 | 1 |
_aالكويت : _bمجلة دراسات الخليج والجزيرة العربية، _c1993. |
|
| 300 |
_a63 صفحة، _c24 سم. |
||
| 336 |
_2rda content _atext |
||
| 337 |
_2rda media _aComputer |
||
| 338 |
_2rda carrier _aOnline Resource |
||
| 500 | _a | ||
| 500 | _a بحث في الندوة العلمية الرابعة دول مجلس التعاون الخليجي وحدة التاريخ والمصير وحتمية العمل المشترك | ||
| 500 | _aمستلة مستخرج من مجلة دراسات الخليج والجزيرة العربية ۱۵ - ۱۷ نوفمبر ۱۹۹۳ م ٢ - ٤ جمادى الآخرة ١٤١٤ هـ | ||
| 546 | _aالنص باللغة العربية | ||
| 590 | _aإهداء مكتبة الأستاذ الدكتور صلاح عامر | ||
| 650 | 1 | 4 | _aالقانون الدولي العام |
| 700 | 0 |
_aعبد الرحمن بن عبد الله المرشد _eمؤلف مشارك. |
|
| 856 | 4 | 0 | _uhttps://fll.law.cu.edu.eg/fulltext/bks/B11-09859.pdf |
| 905 | _a48 | ||
| 942 |
_2ddc _cBK _e21 _n0 |
||
| 999 |
_c69439 _d69439 |
||